Biblioteka Instytutu Północnego w Olsztynie

Widok standardowy Widok MARC

Pozycja Corporate Name

Liczba rekordów, w których użyto hasła: 1

001 - Numer kontrolny

  • control field: 40465

003 - Identyfikator numeru kontrolnego

  • control field: NUKAT

005 - Data i czas ostatniej modyfikacji

  • control field: 20260424121324.0

008 - Dane kontrolne kodowane (40 znaków)

  • fixed length control field: 071023n||aaznnbabn |a ana |c

010 ## - Numer kontrolny Biblioteki Kongresu

  • numer kontrolny LC: s 2007285982

040 ## - Instytucja sporządzająca rekord

  • inst. przygot. dane do rek. khw: WR O/dja
  • język haseł przedmiotowych/tezaurus: kaba
  • inst. wprow. rek. khw: WR O/dja

110 2# - Hasło - nazwa ciała zbiorowego

  • nazwa ciała zbior. lub geogr. na pocz.: Polska Partia Socjalistyczna (1919-1939)
  • określnik formy: programy.
Biblioteka Instytutu Północnego, ul. Partyzantów 87, 10-402 Olsztyn, email: biblioteka(at)ip.olsztyn.pl